Normal view
MARC view
- Usmani, Mulana Mufti Aziz ur rehman
Entry Personal Name
001 - CONTROL NUMBER
- control field: 51095
003 - CONTROL NUMBER IDENTIFIER
- control field: NUST
005 - DATE AND TIME OF LATEST TRANSACTION
- control field: 20210314134915.0
008 - FIXED-LENGTH DATA ELEMENTS
- fixed length control field: 210314|| aca||aabn | a|a d
040 ## - CATALOGING SOURCE
- Original cataloging agency: NUST
- Transcribing agency: NUST
100 ## - HEADING--PERSONAL NAME
- Personal name: Usmani, Mulana Mufti Aziz ur rehman
670 ## - SOURCE DATA FOUND
- Source citation: Work cat.: (NUST): Usmani, Mulana Mufti Aziz ur rehman, فتاوی دارالعلوم دیوبند, 2000.
